LEADER 00965nam0-2200349---450 001 990009962860403321 005 20180920111414.0 010 $a978-88-15-25358-3 035 $a000996286 035 $aFED01000996286 035 $a(Aleph)000996286FED01 035 $a000996286 100 $a20150508d2014----km-y0itay50------ba 101 0 $aita 102 $aIT 105 $a--------001yy 200 1 $a<>bestia dentro di noi$esmascherare l'aggressività$fAdriano Zamperini 210 $aBologna$cIl Mulino$d2014 215 $a179 p.$d21 cm 225 1 $aIntersezioni$v426 610 0 $aAggressività 676 $a302.54$v22$zita 700 1$aZamperini,$bAdriano$0253575 801 0$aIT$bUNINA$gREICAT$2UNIMARC 901 $aBK 912 $a990009962860403321 952 $a302.54 ZAM 1$b1573$fBFS 952 $aCOLLEZ. 912 (426)$b2246/2018$fFSPBC 959 $aFSPBC 959 $aBFS 996 $aBestia dentro di noi$91078318 997 $aUNINA